[Event "GER-chT Seniors 15th"]
[Site "Bad Blankenburg"]
[Date "2006.09.03"]
[Round "1.2"]
[White "Weiss, Werner"]
[Black "Kestler, Hans Guenter"]
[Result "1-0"]
[WhiteElo "2060"]
[BlackElo "2324"]
[PlyCount "97"]
[EventDate "2006.09.03"]
[EventType "team-swiss"]
[EventRounds "7"]
[EventCountry "GER"]
[SourceTitle "CBM 114 Extra"]
[Source "ChessBase"]
[SourceDate "2006.11.03"]
[SourceVersion "1"]
[SourceVersionDate "2006.11.03"]
[SourceQuality "1"]

1. Nf3 Nf6 2. g3 g6 3. Bg2 Bg7 4. d3 0-0 5. 0-0 d6 6. Nbd2 Nc6 7. e4 e5 8. Re1 Ne8 9. Nf1 h6 10. c3 Kh7 11. Ne3 Nf6 12. Nh4 Ne7 13. d4 Be6 14. f4 Bd7 15. fxe5 dxe5 16. Bd2 Nfg8 17. d5 f5 18. exf5 gxf5 19. Qc2 Kh8 20. Nc4 e4 21. Bf4 Be8 22. d6 cxd6 23. Nxd6 Bh5 24. Qb3 Qb6+ 25. Qxb6 axb6 26. Bh3 Ra5 27. a3 Rd5 28. Rac1 Rd8 29. Ndxf5 Ng6 30. Nxg6+ Bxg6 31. Nxg7 Kxg7 32. Be3 b5 33. Bd4+ Kh7 34. Bg2 Ne7 35. Bxe4 Bxe4 36. Rxe4 Nc6 37. Rd1 R8d7 38. Kg2 Na5 39. Rde1 Nc4 40. Re7+ Kg6 41. R1e6+ Kh5 42. Rxd7 Rxd7 43. Re2 Kg5 44. Rf2 h5 45. h4+ Kh6 46. Rf6+ Kh7 47. Rf5 Rxd4 48. Rxh5+ Kg6 49. Rg5+ 1-0

[Event "BL2-Ost 9900"]
[Site "Germany"]
[Date "2000.03.26"]
[Round "8.8"]
[White "Kestler, Hans Guenter"]
[Black "Zunker, Reinhard"]
[Result "1/2-1/2"]
[WhiteElo "2340"]
[BlackElo "2205"]
[PlyCount "39"]
[EventDate "1999.10.10"]
[EventType "team-tourn"]
[EventRounds "9"]
[EventCountry "GER"]
[SourceTitle "CBM 075 Extra"]
[Source "ChessBase"]
[SourceDate "2000.05.11"]
[SourceVersion "2"]
[SourceVersionDate "2000.05.11"]
[SourceQuality "1"]
[WhiteTeam "Bamberg"]
[BlackTeam "Hofheim"]
[WhiteTeamCountry "GER"]
[BlackTeamCountry "GER"]

1. c4 g6 2. d4 Bg7 3. Nc3 d6 4. e4 Nf6 5. Nf3 0-0 6. Be2 Nc6 7. d5 Nb4 8. 0-0 a5 9. Re1 e5 10. dxe6 Bxe6 11. Nd4 Bd7 12. Bg5 Re8 13. Bf1 h6 14. Bh4 Qb8 15. f3 Nh5 16. Bf2 Kh7 17. Qd2 Nc6 18. Rad1 Nxd4 19. Bxd4 Bc6 20. Qf2 1/2-1/2

[Event "Bundesliga 9596"]
[Site "Germany"]
[Date "1996.??.??"]
[Round "?.5"]
[White "Appel, Ralf"]
[Black "Kestler, Hans Guenter"]
[Result "1-0"]
[WhiteElo "2450"]
[BlackElo "2345"]
[PlyCount "77"]
[EventDate "1995.10.14"]
[EventType "team-tourn"]
[EventRounds "15"]
[EventCountry "GER"]
[SourceTitle "GER-chT"]
[Source "ChessBase"]
[SourceDate "1999.07.01"]
[SourceVersion "1"]
[SourceVersionDate "1999.07.01"]
[SourceQuality "1"]
[WhiteTeam "Castrop Rauxel"]
[BlackTeam "Bamberg"]
[WhiteTeamCountry "GER"]
[BlackTeamCountry "GER"]

1. Nf3 Nf6 2. g3 g6 3. Bg2 Bg7 4. 0-0 0-0 5. c4 d6 6. Nc3 e5 7. b4 a5 8. b5 Nbd7 9. Ba3 Re8 10. Rc1 Rb8 11. e3 h6 12. d4 exd4 13. Nxd4 Nc5 14. Bxc5 dxc5 15. Nde2 Bg4 16. Qa4 Bxe2 17. Nxe2 b6 18. Bc6 Re5 19. Rfd1 Qe7 20. Nf4 h5 21. Rd3 g5 22. Nd5 Nxd5 23. Bxd5 Rd8 24. Qd1 Rd6 25. Qxh5 Rexd5 26. Rxd5 Rxd5 27. cxd5 c4 28. h4 gxh4 29. gxh4 c3 30. Qg5 Qc5 31. h5 Kh7 32. Kh1 Qc4 33. Rg1 Qe4+ 34. Rg2 Be5 35. Qg8+ Kh6 36. Qf8+ Kxh5 37. Qxf7+ Kh6 38. Qe6+ Kh5 39. f4 1-0

[Event "Bundesliga 9596"]
[Site "Germany"]
[Date "1996.??.??"]
[Round "?.7"]
[White "Dutschak, Hauke"]
[Black "Kestler, Hans Guenter"]
[Result "0-1"]
[WhiteElo "2260"]
[BlackElo "2345"]
[PlyCount "124"]
[EventDate "1995.10.14"]
[EventType "team-tourn"]
[EventRounds "15"]
[EventCountry "GER"]
[SourceTitle "GER-chT"]
[Source "ChessBase"]
[SourceDate "1999.07.01"]
[SourceVersion "1"]
[SourceVersionDate "1999.07.01"]
[SourceQuality "1"]
[WhiteTeam "Tuebingen"]
[BlackTeam "Bamberg"]
[WhiteTeamCountry "GER"]
[BlackTeamCountry "GER"]

1. e4 c5 2. c3 e6 3. d4 d5 4. e5 Nc6 5. Nf3 Qb6 6. a3 Bd7 7. b4 cxd4 8. cxd4 Rc8 9. Be3 Nge7 10. Bd3 Nb8 11. Qe2 Nf5 12. 0-0 Be7 13. Nbd2 Ba4 14. Rac1 0-0 15. Nb1 Nxe3 16. fxe3 Bd7 17. h3 Rc7 18. Nh2 Rxc1 19. Rxc1 Qd8 20. Ng4 Be8 21. Qc2 h6 22. Qe2 a6 23. Nc3 Bg5 24. Bb1 h5 25. Nh2 f5 26. exf6 Qxf6 27. Nf3 Bh6 28. Ne5 Nc6 29. Nxc6 Bxc6 30. Re1 g6 31. Bd3 e5 32. dxe5 Qxe5 33. Nd1 Kg7 34. Qb2 Qxb2 35. Nxb2 Bg5 36. Nd1 Ba4 37. Nc3 Bb3 38. g3 Rf3 39. Kg2 Rxe3 40. Rxe3 Bxe3 41. Kf3 Bc1 42. Nb1 b5 43. Ke2 Kf6 44. Nd2 Ba4 45. Nb1 g5 46. g4 h4 47. Bf5 Ke5 48. Kd3 Bb3 49. Bc8 Bc4+ 50. Kc2 Bf4 51. Nd2 Be2 52. Bxa6 Bxd2 53. Kxd2 Bxg4 54. Bxb5 Bxh3 55. a4 Bg2 56. Ke2 g4 57. Kf2 Be4 58. Bd7 g3+ 59. Kg1 d4 60. b5 d3 61. a5 d2 62. Bg4 h3 0-1

[Event "BL2-Ost 9495"]
[Site "Germany"]
[Date "1995.??.??"]
[Round "9.6"]
[White "Kestler, Hans Guenter"]
[Black "Janoszka, Arnd"]
[Result "1/2-1/2"]
[WhiteElo "2350"]
[BlackElo "2220"]
[PlyCount "80"]
[EventDate "1994.10.??"]
[EventType "team-tourn"]
[EventRounds "9"]
[EventCountry "GER"]
[SourceTitle "GER-chT2"]
[Source "ChessBase"]
[SourceDate "1999.07.01"]
[SourceVersion "1"]
[SourceVersionDate "1999.07.01"]
[SourceQuality "1"]
[WhiteTeam "Bamberg"]
[BlackTeam "Frankfurt FTG"]
[WhiteTeamCountry "GER"]
[BlackTeamCountry "GER"]

1. e4 d6 2. d4 Nf6 3. Nc3 Nbd7 4. Nf3 e5 5. Bc4 Be7 6. 0-0 0-0 7. h3 c6 8. a4 b6 9. d5 Bb7 10. Re1 Rc8 11. dxc6 Bxc6 12. Ba6 Ra8 13. Bb5 Bb7 14. Bg5 a6 15. Bc4 Rc8 16. Qe2 Nxe4 17. Nxe4 Bxe4 18. Qxe4 Bxg5 19. Bxa6 Nc5 20. Qf5 Nxa6 21. Nxg5 g6 22. Qg4 Rxc2 23. Rad1 Kg7 24. f4 Qf6 25. fxe5 Qf2+ 26. Kh2 h5 27. Qf3 dxe5 28. Rxe5 Qxf3 29. Nxf3 Rxb2 30. Rd6 Ra8 31. Re7 Nc5 32. Ne5 Rf2 33. Rxb6 Rf6 34. Rb5 Nxa4 35. Rbb7 Nc5 36. Rxf7+ Rxf7 37. Rxf7+ Kh6 38. Re7 Kg5 39. Rc7 Ne6 40. Rc6 Nf8 1/2-1/2

[Event "BL2-Ost 9495"]
[Site "Germany"]
[Date "1995.??.??"]
[Round "8.6"]
[White "Mirschinka, Dirk"]
[Black "Kestler, Hans Guenter"]
[Result "1/2-1/2"]
[WhiteElo "2270"]
[BlackElo "2350"]
[PlyCount "94"]
[EventDate "1994.10.??"]
[EventType "team-tourn"]
[EventRounds "9"]
[EventCountry "GER"]
[SourceTitle "GER-chT2"]
[Source "ChessBase"]
[SourceDate "1999.07.01"]
[SourceVersion "1"]
[SourceVersionDate "1999.07.01"]
[SourceQuality "1"]
[WhiteTeam "Chemnitz Lok"]
[BlackTeam "Bamberg"]
[WhiteTeamCountry "GER"]
[BlackTeamCountry "GER"]

1. d4 Nf6 2. c4 d6 3. Nf3 g6 4. Nc3 Bg7 5. e4 0-0 6. Be3 Nbd7 7. Qd2 e5 8. 0-0-0 Ng4 9. dxe5 Nxe3 10. Qxe3 dxe5 11. Be2 c6 12. Rd6 Qe7 13. Rhd1 Nf6 14. h3 Ne8 15. Rd8 Nc7 16. Rxf8+ Kxf8 17. Nd2 Ne6 18. Bg4 Nd4 19. Ne2 Ne6 20. Nb3 a5 21. Bxe6 Bxe6 22. Nc5 Kg8 23. Nxe6 Qxe6 24. Qb3 Qe7 25. Kb1 a4 26. Qd3 a3 27. b3 Qb4 28. Qd2 Qb6 29. Nc3 Bf8 30. f3 Bc5 31. Na4 Qa7 32. Nxc5 Qxc5 33. Qd3 Qf2 34. Qd2 Qg3 35. Kc2 b5 36. Kc3 bxc4 37. Kxc4 Qh4 38. Qd6 Qf2 39. Rd2 Qe1 40. Qd3 Qg1 41. Qc3 f6 42. Qd3 Kg7 43. Qd7+ Kh6 44. Qd6 Qf1+ 45. Kc3 Qa1+ 46. Kd3 Qf1+ 47. Kc2 Qa1 1/2-1/2

[Event "Bundesliga 8990"]
[Site "Germany"]
[Date "1989.??.??"]
[Round "?.7"]
[White "Davidovic, Aleksandar"]
[Black "Kestler, Hans Guenter"]
[Result "1-0"]
[WhiteElo "2420"]
[BlackElo "2355"]
[PlyCount "105"]
[EventDate "1989.10.??"]
[EventType "team-tourn"]
[EventRounds "15"]
[EventCountry "GER"]
[SourceTitle "GER-chT"]
[Source "ChessBase"]
[SourceDate "1999.07.01"]
[SourceVersion "1"]
[SourceVersionDate "1999.07.01"]
[SourceQuality "1"]
[WhiteTeam "Dortmund"]
[BlackTeam "Bamberg"]
[WhiteTeamCountry "GER"]
[BlackTeamCountry "GER"]

1. Nf3 Nf6 2. g3 g6 3. c4 Bg7 4. Nc3 c5 5. Bg2 0-0 6. d4 cxd4 7. Nxd4 Nc6 8. 0-0 Nxd4 9. Qxd4 d6 10. Qd3 Bf5 11. e4 Be6 12. Bd2 a6 13. b3 Rb8 14. Rac1 Bd7 15. Nd5 Nxd5 16. exd5 Bf5 17. Be4 Bxe4 18. Qxe4 Qd7 19. Rfe1 Rfe8 20. a4 Rbc8 21. h4 h5 22. Kg2 Kh7 23. Qf3 Kg8 24. Bg5 Bf8 25. Be3 Bg7 26. Bb6 e5 27. dxe6 Rxe6 28. Rcd1 Qc6 29. Qxc6 Rxc6 30. Be3 Bc3 31. Re2 Bb4 32. Kf3 Kf8 33. Rd5 Ke7 34. Bg5+ Kd7 35. Re3 Rxe3+ 36. Bxe3 Ke6 37. Ke4 Bc5 38. Bxc5 dxc5 39. a5 Ke7 40. f3 Rc7 41. g4 hxg4 42. fxg4 Kf6 43. Rd6+ Kg7 44. Kf4 Re7 45. h5 Re1 46. hxg6 Rf1+ 47. Ke4 fxg6 48. g5 Rf7 49. Rd5 Rc7 50. Re5 Kf7 51. Kd5 Rc6 52. Re3 Rc8 53. Kd6 1-0

[Event "Bundesliga 8889"]
[Site "Germany"]
[Date "1989.??.??"]
[Round "?.7"]
[White "Dueball, Juergen"]
[Black "Kestler, Hans Guenter"]
[Result "0-1"]
[WhiteElo "2435"]
[BlackElo "2370"]
[PlyCount "62"]
[EventDate "1988.10.??"]
[EventType "team-tourn"]
[EventRounds "15"]
[EventCountry "GER"]
[SourceTitle "GER-chT"]
[Source "ChessBase"]
[SourceDate "1999.07.01"]
[SourceVersion "1"]
[SourceVersionDate "1999.07.01"]
[SourceQuality "1"]
[WhiteTeam "Solingen"]
[BlackTeam "Bamberg"]
[WhiteTeamCountry "GER"]
[BlackTeamCountry "GER"]

1. e4 c5 2. Nf3 d6 3. d4 cxd4 4. Nxd4 Nf6 5. Nc3 Nc6 6. Bg5 e6 7. Qd2 Be7 8. 0-0-0 0-0 9. Nb3 Qb6 10. f3 Rd8 11. Kb1 a6 12. h4 Qc7 13. g4 b5 14. Bxf6 Bxf6 15. g5 Be7 16. f4 b4 17. Ne2 a5 18. h5 a4 19. Nbd4 Nxd4 20. Nxd4 b3 21. axb3 axb3 22. Nxb3 Qa7 23. c4 Bd7 24. Rh3 Rdb8 25. Rc3 Qa2+ 26. Kc2 Ba4 27. Qe3 d5 28. cxd5 Rxb3 29. Rxb3 Bxb3+ 30. Qxb3 Rc8+ 31. Qc3 Qa4+ 0-1

[Event "Bundesliga 8889"]
[Site "Germany"]
[Date "1989.??.??"]
[Round "?.7"]
[White "Kestler, Hans Guenter"]
[Black "Beilfuss, Wilfried"]
[Result "1/2-1/2"]
[WhiteElo "2370"]
[BlackElo "2250"]
[PlyCount "62"]
[EventDate "1988.10.??"]
[EventType "team-tourn"]
[EventRounds "15"]
[EventCountry "GER"]
[SourceTitle "GER-chT"]
[Source "ChessBase"]
[SourceDate "1999.07.01"]
[SourceVersion "1"]
[SourceVersionDate "1999.07.01"]
[SourceQuality "1"]
[WhiteTeam "Bamberg"]
[BlackTeam "Bielefeld"]
[WhiteTeamCountry "GER"]
[BlackTeamCountry "GER"]

1. Nf3 Nf6 2. c4 e6 3. g3 d5 4. Bg2 dxc4 5. 0-0 a6 6. a4 b6 7. Qc2 Bb7 8. Qxc4 Be7 9. d4 0-0 10. Nc3 b5 11. Qb3 b4 12. Bg5 Nbd7 13. Nb1 c5 14. dxc5 Bxc5 15. Nbd2 h6 16. Bxf6 Nxf6 17. Rad1 Bd5 18. Qd3 Qc7 19. Rc1 Qa7 20. e4 Bb7 21. e5 Rfd8 22. Qc4 Nd7 23. Qf4 Rac8 24. Nb3 Be7 25. Rxc8 Rxc8 26. h4 Qa8 27. Rd1 Nf8 28. Ne1 Bxg2 29. Nxg2 Qc6 30. Rc1 Qd7 31. Rxc8 Qxc8 1/2-1/2

[Event "Bundesliga 8990"]
[Site "Germany"]
[Date "1989.??.??"]
[Round "?.8"]
[White "Kestler, Hans Guenter"]
[Black "Holzapfel, Daniel"]
[Result "1/2-1/2"]
[WhiteElo "2355"]
[BlackElo "2275"]
[PlyCount "34"]
[EventDate "1989.10.??"]
[EventType "team-tourn"]
[EventRounds "15"]
[EventCountry "GER"]
[SourceTitle "GER-chT"]
[Source "ChessBase"]
[SourceDate "1999.07.01"]
[SourceVersion "1"]
[SourceVersionDate "1999.07.01"]
[SourceQuality "1"]
[WhiteTeam "Bamberg"]
[BlackTeam "Lasker Steglitz"]
[WhiteTeamCountry "GER"]
[BlackTeamCountry "GER"]

1. e4 c6 2. c4 d5 3. exd5 cxd5 4. d4 Nf6 5. Nc3 Nc6 6. Nf3 Bg4 7. cxd5 Nxd5 8. Bb5 Rc8 9. h3 Bxf3 10. Qxf3 e6 11. 0-0 Be7 12. Nxd5 Qxd5 13. Qxd5 exd5 14. Be3 Bd6 15. Rac1 Kd7 16. Rc3 a6 17. Bd3 Ne7 1/2-1/2

[Event "Bundesliga 8889"]
[Site "Germany"]
[Date "1989.??.??"]
[Round "?.7"]
[White "Kestler, Hans Guenter"]
[Black "Messmer, Martin"]
[Result "0-1"]
[WhiteElo "2370"]
[BlackElo "2260"]
[PlyCount "138"]
[EventDate "1988.10.??"]
[EventType "team-tourn"]
[EventRounds "15"]
[EventCountry "GER"]
[SourceTitle "GER-chT"]
[Source "ChessBase"]
[SourceDate "1999.07.01"]
[SourceVersion "1"]
[SourceVersionDate "1999.07.01"]
[SourceQuality "1"]
[WhiteTeam "Bamberg"]
[BlackTeam "Kirchheim"]
[WhiteTeamCountry "GER"]
[BlackTeamCountry "GER"]

1. c4 e5 2. Nc3 Bb4 3. g3 Bxc3 4. bxc3 d6 5. Bg2 Nc6 6. Rb1 Nge7 7. d3 0-0 8. Nf3 b6 9. 0-0 f6 10. e4 Be6 11. h3 Qd7 12. Kh2 Rae8 13. Qe2 Na5 14. Ba3 Qa4 15. Bb4 Nb7 16. Qb2 Nc5 17. Rbd1 Rb8 18. Rd2 a5 19. Bxc5 bxc5 20. Qa1 Rb6 21. Rb2 Rfb8 22. Rfb1 Qc2 23. Rxb6 Rxb6 24. Rxb6 cxb6 25. Ne1 Qxf2 26. Qb1 Qd2 27. Nf3 Qxc3 28. Qxb6 Qxd3 29. Qxa5 Bxc4 30. a4 Kf7 31. Qc7 Be6 32. a5 Qa6 33. Nh4 g6 34. Qd8 Qc8 35. Qb6 Qc6 36. Qd8 Qc8 37. Qb6 c4 38. a6 c3 39. a7 c2 40. Qe3 c1Q 41. Qxc1 Qxc1 42. a8Q Qc8 43. Qa3 Qd7 44. Qc1 Kg7 45. g4 h6 46. Qa3 Bf7 47. Nf3 d5 48. Nd2 d4 49. Bf1 Qc7 50. Bc4 Bxc4 51. Nxc4 Qxc4 52. Qxe7+ Qf7 53. Qd6 Qb7 54. h4 Qb2+ 55. Kh3 Qc3+ 56. Kh2 Qd2+ 57. Kh3 Qe3+ 58. Kh2 Qf2+ 59. Kh3 Qf3+ 60. Kh2 Qe2+ 61. Kh3 Qd3+ 62. Kh2 Qc2+ 63. Kh3 Qb3+ 64. Kh2 Qf7 65. Kh3 Kh7 66. Kg3 h5 67. gxh5 gxh5 68. Qb4 Qd7 69. Kh2 d3 0-1

[Event "Bundesliga 8889"]
[Site "Germany"]
[Date "1989.??.??"]
[Round "?.8"]
[White "Kestler, Hans Guenter"]
[Black "Werner, Marc"]
[Result "1/2-1/2"]
[WhiteElo "2370"]
[BlackElo "2350"]
[PlyCount "42"]
[EventDate "1988.10.??"]
[EventType "team-tourn"]
[EventRounds "15"]
[EventCountry "GER"]
[SourceTitle "GER-chT"]
[Source "ChessBase"]
[SourceDate "1999.07.01"]
[SourceVersion "1"]
[SourceVersionDate "1999.07.01"]
[SourceQuality "1"]
[WhiteTeam "Bamberg"]
[BlackTeam "Sindelfingen"]
[WhiteTeamCountry "GER"]
[BlackTeamCountry "GER"]

1. Nf3 Nf6 2. c4 c5 3. Nc3 e6 4. g3 b6 5. Bg2 Bb7 6. 0-0 a6 7. d3 Be7 8. e4 d6 9. b3 0-0 10. Bb2 Nbd7 11. Re1 Qc7 12. d4 cxd4 13. Nxd4 Rfe8 14. Rc1 Bf8 15. Qd2 Rad8 16. h3 Ne5 17. Kh2 Qb8 18. Qc2 Rc8 19. Qe2 Ng6 20. Qd2 Ne5 21. Qe2 Ng6 1/2-1/2

[Event "Bundesliga 8990"]
[Site "Germany"]
[Date "1989.??.??"]
[Round "?.7"]
[White "Kestler, Hans Guenter"]
[Black "Zysk, Robert"]
[Result "1-0"]
[WhiteElo "2355"]
[BlackElo "2450"]
[PlyCount "103"]
[EventDate "1989.10.??"]
[EventType "team-tourn"]
[EventRounds "15"]
[EventCountry "GER"]
[SourceTitle "GER-chT"]
[Source "ChessBase"]
[SourceDate "1999.07.01"]
[SourceVersion "1"]
[SourceVersionDate "1999.07.01"]
[SourceQuality "1"]
[WhiteTeam "Bamberg"]
[BlackTeam "Solingen"]
[WhiteTeamCountry "GER"]
[BlackTeamCountry "GER"]

1. d4 f5 2. g3 Nf6 3. Bg2 g6 4. Nf3 Bg7 5. c4 d6 6. 0-0 0-0 7. Nc3 Qe8 8. b3 Na6 9. Ba3 c6 10. Qd3 Nc7 11. Rae1 d5 12. Ne5 Be6 13. cxd5 Nfxd5 14. Nxd5 Bxd5 15. Bxd5+ Nxd5 16. e4 fxe4 17. Qxe4 Qc8 18. Nd3 Rf7 19. Ne5 Bxe5 20. Qxe5 Qh3 21. Qe6 Qxe6 22. Rxe6 a5 23. Rfe1 Kf8 24. R6e5 Ke8 25. h4 Kd7 26. h5 gxh5 27. Rxh5 a4 28. b4 b5 29. Re2 Rg8 30. Ree5 Rg4 31. Rxd5+ cxd5 32. Rxd5+ Kc6 33. Rc5+ Kb6 34. Bc1 Rxd4 35. Be3 Rd1+ 36. Kg2 Kb7 37. Rxb5+ Kc6 38. Ra5 Rb1 39. a3 Rb3 40. Rxa4 Rf5 41. Ra7 Re5 42. Bc5 e6 43. a4 h5 44. a5 Re4 45. Rh7 Re5 46. a6 Ra3 47. a7 Rd5 48. Rh8 Rxc5 49. bxc5 Rxa7 50. Rxh5 Rf7 51. Re5 Rf6 52. f4 1-0

[Event "Bundesliga 8990"]
[Site "Germany"]
[Date "1989.??.??"]
[Round "?.8"]
[White "Von Herman, Ulf"]
[Black "Kestler, Hans Guenter"]
[Result "1/2-1/2"]
[WhiteElo "2245"]
[BlackElo "2355"]
[PlyCount "45"]
[EventDate "1989.10.??"]
[EventType "team-tourn"]
[EventRounds "15"]
[EventCountry "GER"]
[SourceTitle "GER-chT"]
[Source "ChessBase"]
[SourceDate "1999.07.01"]
[SourceVersion "1"]
[SourceVersionDate "1999.07.01"]
[SourceQuality "1"]
[WhiteTeam "Zehlendorf"]
[BlackTeam "Bamberg"]
[WhiteTeamCountry "GER"]
[BlackTeamCountry "GER"]

1. d4 Nf6 2. c4 d6 3. Nc3 e5 4. Nf3 Nc6 5. Bg5 Be7 6. e3 0-0 7. Be2 Bf5 8. 0-0 Re8 9. Re1 h6 10. Bh4 Bh7 11. a3 exd4 12. exd4 Ne4 13. Bxe7 Nxe7 14. Bd3 Nxc3 15. Bxh7+ Kxh7 16. Qd3+ Kg8 17. Qxc3 Qd7 18. Re4 Nf5 19. Rae1 Rxe4 20. Rxe4 Re8 21. Qe1 Rxe4 22. Qxe4 c6 23. h3 1/2-1/2

[Event "Bundesliga 8788"]
[Site "Germany"]
[Date "1988.??.??"]
[Round "?.7"]
[White "Goetz, Ralph"]
[Black "Kestler, Hans Guenter"]
[Result "1/2-1/2"]
[WhiteElo "2275"]
[BlackElo "2385"]
[PlyCount "77"]
[EventDate "1987.10.??"]
[EventType "team-tourn"]
[EventRounds "15"]
[EventCountry "GER"]
[SourceTitle "GER-chT"]
[Source "ChessBase"]
[SourceDate "1999.07.01"]
[SourceVersion "1"]
[SourceVersionDate "1999.07.01"]
[SourceQuality "1"]
[WhiteTeam "Muenchen 36"]
[BlackTeam "Bamberg"]
[WhiteTeamCountry "GER"]
[BlackTeamCountry "GER"]

1. e4 c5 2. Nf3 Nc6 3. d4 cxd4 4. Nxd4 Qb6 5. Nb3 Nf6 6. Nc3 e6 7. Bd3 Be7 8. 0-0 d6 9. a4 0-0 10. a5 Qc7 11. Be3 Bd7 12. f4 Nb4 13. Qf3 Bc6 14. Qh3 Nxd3 15. cxd3 b5 16. axb6 axb6 17. Rac1 Qd7 18. Nd4 Bb7 19. g4 g6 20. f5 e5 21. Nf3 d5 22. Nxe5 Qd6 23. Bf4 dxe4 24. Nxg6 Qc5+ 25. Be3 fxg6 26. Bxc5 Bxc5+ 27. Kg2 exd3+ 28. Kg3 Rae8 29. Rce1 d2 30. Re6 Kg7 31. Kh4 Rd8 32. Kg5 Ng8 33. f6+ Rxf6 34. Rfxf6 h6+ 35. Qxh6+ Nxh6 36. Rxg6+ Kf7 37. Ref6+ Ke8 38. Re6+ Kf7 39. Ref6+ 1/2-1/2

[Event "Bundesliga 8788"]
[Site "Germany"]
[Date "1988.??.??"]
[Round "?.7"]
[White "Kestler, Hans Guenter"]
[Black "Lieb, Harald"]
[Result "1-0"]
[WhiteElo "2385"]
[BlackElo "2290"]
[PlyCount "49"]
[EventDate "1987.10.??"]
[EventType "team-tourn"]
[EventRounds "15"]
[EventCountry "GER"]
[SourceTitle "GER-chT"]
[Source "ChessBase"]
[SourceDate "1999.07.01"]
[SourceVersion "1"]
[SourceVersionDate "1999.07.01"]
[SourceQuality "1"]
[WhiteTeam "Bamberg"]
[BlackTeam "Zehlendorf"]
[WhiteTeamCountry "GER"]
[BlackTeamCountry "GER"]

1. Nf3 Nc6 2. d4 d5 3. g3 Bg4 4. Bg2 Nf6 5. 0-0 e6 6. c4 Be7 7. Ne5 Bh5 8. Nc3 0-0 9. cxd5 exd5 10. Qa4 Nxe5 11. dxe5 Nd7 12. Nxd5 Bxe2 13. Re1 Ba6 14. Qg4 Kh8 15. Nxe7 Qxe7 16. Bg5 Qe6 17. Qxe6 fxe6 18. Rad1 Nb6 19. b3 h6 20. Be3 Rfe8 21. Bf3 Rad8 22. Bh5 Rxd1 23. Rxd1 Re7 24. Bxb6 g6 25. Bc5 1-0

[Event "Bundesliga 8788"]
[Site "Germany"]
[Date "1988.??.??"]
[Round "?.7"]
[White "Mohr, Stefan"]
[Black "Kestler, Hans Guenter"]
[Result "1-0"]
[WhiteElo "2400"]
[BlackElo "2385"]
[PlyCount "126"]
[EventDate "1987.10.??"]
[EventType "team-tourn"]
[EventRounds "15"]
[EventCountry "GER"]
[SourceTitle "GER-chT"]
[Source "ChessBase"]
[SourceDate "1999.07.01"]
[SourceVersion "1"]
[SourceVersionDate "1999.07.01"]
[SourceQuality "1"]
[WhiteTeam "Sindelfingen"]
[BlackTeam "Bamberg"]
[WhiteTeamCountry "GER"]
[BlackTeamCountry "GER"]

1. d4 Nf6 2. c4 d6 3. Nc3 e5 4. d5 Nbd7 5. e4 Nc5 6. Qc2 a5 7. Be2 g6 8. Nf3 Bg7 9. 0-0 0-0 10. Nd2 Ne8 11. Nb3 b6 12. Be3 f5 13. Nxc5 bxc5 14. exf5 gxf5 15. f4 e4 16. Rab1 Bd7 17. Qd2 Nf6 18. h3 Qe8 19. Kh2 Qg6 20. Nd1 Qh6 21. Nf2 Kh8 22. b3 Rg8 23. g3 Be8 24. Qe1 Bh5 25. Rg1 Bf3 26. Bd2 Rge8 27. Bc3 Qh5 28. Rb2 a4 29. Bd1 axb3 30. axb3 Qh6 31. Qe3 Qh5 32. Re1 Kg8 33. Be2 Rab8 34. Rbb1 Bxe2 35. Qxe2 Qf3 36. Qe3 h5 37. Nd1 Kh7 38. Qg1 h4 39. Re3 hxg3+ 40. Qxg3 Qxg3+ 41. Rxg3 Rf8 42. Rg5 Bh6 43. Rxf5 Ng8 44. Rxf8 Rxf8 45. Nf2 Rxf4 46. Kg2 e3 47. Ng4 Rf8 48. Re1 Rb8 49. Rb1 Ne7 50. Kf3 Nf5 51. Ke4 Kg6 52. Nxh6 Re8+ 53. Kf4 Nxh6 54. Rg1+ Kh5 55. Rg5+ Kh4 56. Be1+ Kxh3 57. Rh5+ Kg2 58. Rxh6 e2 59. Re6 Rf8+ 60. Ke3 Kf1 61. Kd2 Rf3 62. Rxe2 Rxb3 63. Rf2+ Kg1 1-0